| 000 | 00593nam a22001937a 4500 | ||
|---|---|---|---|
| 003 | DEla salle | ||
| 005 | 20140310182817.0 | ||
| 008 | 130301t xxu||||| |||| 00| 0 eng d | ||
| 020 | _a9715535550 | ||
| 050 |
_aHF 5549.2.P6 _b.Ed37 2005 |
||
| 100 | _aEdralin, Divina M. | ||
| 245 |
_aHuman resource management : _bconcepts and applications in the Philippines / _cDivina M. Edralin, Ramon Ricardo A. Roque |
||
| 260 |
_aQuezon City : _bAbiva Pub. House, _c2005. |
||
| 300 |
_ax, 180 p. : _bill. ; _c26 cm. |
||
| 521 | _aEDU | ||
| 942 |
_2lcc _cBK _kLOC |
||
| 999 |
_c16307 _d16307 |
||